Statistics for Airport Codes

Click here to take the quiz!

General Stats

  • This quiz has been taken 113 times
  • The average score is 22 of 30

Answer Stats

HintAnswer% Correct
Atlanta, GAATL
91%
New York, John F. KennedyJFK
91%
San Francisco, CASFO
91%
Los Angeles, CALAX
89%
Miami, FLMIA
89%
SEASeattle
89%
AMSAmsterdam
85%
Boston, MABOS
85%
ORDChicago
85%
DFWDallas
83%
Paris, de GaulleCDG
81%
YVRVancouver
79%
PITPittsburgh
77%
New York, La GuardiaLGA
74%
Washinton D.C., DullesIAD
72%
Philadelphia, PAPHL
72%
FCORome
72%
SLCSalt Lake City
70%
Newark, NJEWR
68%
Tokyo, NaritaNRT
68%
Toronto, CanadaYYZ
68%
Tokyo, HanedaHND
62%
IAHHouston
60%
Paris, OrlyORY
60%
YYCCalgary
57%
Detroit, MIDTW
55%
Washinton D.C., Ronald ReaganDCA
51%
Minneapolis, MNMSP
51%
Cincinnati, OHCVG
40%
Montreal, CanadaYUL
40%

Score Distribution

Percentile by Number Answered

Percent of People with Each Score

Your Score History

You have not taken this quiz